| 000 | 01137nam a2200241Ia 4500 | ||
|---|---|---|---|
| 003 | Ost | ||
| 005 | 20260507075409.0 | ||
| 008 | 260507s9999||||xx |||||||||||||| ||und|| | ||
| 020 | _a61476599619 | ||
| 040 | _cfsecg | ||
| 041 | _aara | ||
| 082 | _a330 | ||
| 100 |
_aمسدور، فارس _eمؤلف |
||
| 245 | 0 |
_aالتمويل الإسلامي من الفقه الى التطبيق المعاصر لدى البنوك الإسلامية / _c فارس مسدور |
|
| 260 |
_aالجزائر: _bدار هومة, _c2007 |
||
| 300 |
_a284 صفحة؛ _bإيضاحات ؛ _c23 سم |
||
| 504 | _aالمراجع ص.261 | ||
| 520 | _aيضم إشكالية الفوائد المصرفية، البنوك الإسلامية وخدماتها، التمويل بالمشاركات لدى البنوك الإسلامية، التمويل بالبيع والإيجار لدى البنوك الإسلامية، الرقابة المصرفية والشرعية على البنوك الإسلامية | ||
| 653 | _aالبنوك الإسلامية | ||
| 653 | _aالتمويل | ||
| 653 | _aالتمويل المصرفي | ||
| 942 | _cكتاب | ||
| 999 |
_c44353 _d44353 |
||